[Event "MCR mladeze 2014, Open A"]
[Site "Kouty nad Desnou"]
[Date "2014.03.14"]
[Round "8"]
[White "Simunek, Filip"]
[Black "Vaculik, Jakub"]
[Result "1/2-1/2"]
[WhiteElo "2176"]
[BlackElo "2026"]
[PlyCount "114"]
[EventDate "2014.03.08"]

1. d4 Nf6 2. Nf3 c5 3. d5 b5 4. c4 bxc4 5. Nc3 d6 6. e4 g6 7. Bxc4 Bg7 8. O-O
O-O 9. h3 Ba6 10. Nd2 Nfd7 11. Qe2 Bxc4 12. Nxc4 Ne5 13. Bg5 Nxc4 14. Qxc4 Nd7
15. Qe2 Re8 16. Rad1 Qa5 17. Qc2 Rab8 18. Bd2 Qa6 19. Na4 Nb6 20. Nxb6 axb6 21.
Bc3 Qc4 22. Qd3 Qxd3 23. Rxd3 Ra8 24. Bxg7 Kxg7 25. a3 Ra4 26. Re1 b5 27. e5
Kf8 28. Rde3 Raa8 29. exd6 exd6 30. Re7 Ra7 31. R7e4 Ra4 32. Re7 Ra7 33. R7e3
Ra4 34. Rb3 Rb8 35. Ree3 Rd4 36. Rbd3 Rxd3 37. Rxd3 Ke7 38. Kf1 Kd7 39. Rb3 f5
40. Ke2 Kc7 41. Re3 Kd7 42. Kf3 c4 43. Kf4 b4 44. axb4 Rxb4 45. Kg5 Rxb2 46.
Rc3 Rxf2 47. g4 fxg4 48. hxg4 h5 49. gxh5 gxh5 50. Rxc4 Rd2 51. Kxh5 Rxd5+ 52.
Kg4 Re5 53. Kf4 Re8 54. Re4 Rh8 55. Ke3 d5 56. Rg4 Ra8 57. Rg6 Ra4 1/2-1/2

[Event "MCR mladeze 2014, Open A"]
[Site "Kouty nad Desnou"]
[Date "2014.03.14"]
[Round "8"]
[White "Tuma, Jan"]
[Black "Machalik, Marek"]
[Result "1-0"]
[WhiteElo "1835"]
[BlackElo "1949"]
[PlyCount "89"]
[EventDate "2014.03.08"]

1. e4 d5 2. exd5 Nf6 3. d4 Nxd5 4. Nf3 Bg4 5. Be2 Nc6 6. O-O e6 7. Be3 Be7 8.
Nbd2 O-O 9. c3 a5 10. Re1 a4 11. a3 Re8 12. Bb5 Nb6 13. h3 Bh5 14. g4 Bg6 15.
Bxc6 bxc6 16. Ne5 Qd6 17. Bf4 Nd5 18. Ndc4 Qd8 19. Nxc6 Qc8 20. Bg3 Bf6 21. Qf3
Qb7 22. Nb4 Qb5 23. Ne5 Nb6 24. Nxg6 hxg6 25. Bxc7 Nc4 26. Qe2 Rac8 27. Bg3 Qb7
28. Rad1 e5 29. d5 Qd7 30. Qc2 Bg5 31. Nc6 f6 32. Re4 Nb6 33. c4 Kf7 34. h4 Bh6
35. g5 fxg5 36. Nxe5+ Rxe5 37. Bxe5 gxh4 38. Qd3 Qf5 39. Rde1 Nd7 40. Bd4 Qg5+
41. Kh1 Nf6 42. Re7+ Kg8 43. Bxf6 Qxf6 44. Qe2 h3 45. Qe6+ 1-0

[Event "MCR mladeze 2014, Open A"]
[Site "Kouty nad Desnou"]
[Date "2014.03.14"]
[Round "8"]
[White "Kovarik, Matyas"]
[Black "Liduch, Filip"]
[Result "1-0"]
[WhiteElo "1584"]
[BlackElo "1901"]
[PlyCount "97"]
[EventDate "2014.03.08"]

1. e4 e5 2. Nf3 Nc6 3. Nc3 Nf6 4. d4 exd4 5. Nxd4 Bb4 6. Nxc6 bxc6 7. Bd3 d5 8.
exd5 cxd5 9. O-O O-O 10. Bg5 c6 11. Qf3 Be7 12. h3 h6 13. Bf4 Bd6 14. Rad1 Be6
15. Ne2 Bxf4 16. Nxf4 Nd7 17. Qg3 Qf6 18. b3 Nc5 19. Nh5 Qg5 20. Qxg5 hxg5 21.
Ng3 f5 22. Rfe1 f4 23. Ne2 Rae8 24. Bg6 Bf7 25. Bxf7+ Rxf7 26. Nd4 Rxe1+ 27.
Rxe1 Rc7 28. f3 Kf7 29. Kf2 g6 30. Re5 Kf6 31. Re2 Kf7 32. a3 a5 33. a4 Rc8 34.
Ke1 Rc7 35. Re5 Nd7 36. Rxg5 Kf6 37. Rg4 g5 38. Rxg5 Kxg5 39. Ne6+ Kh4 40. Nxc7
Kg3 41. Kf1 Ne5 42. Ne6 Ng6 43. Nd4 c5 44. Nf5+ Kh2 45. Kf2 Ne5 46. h4 d4 47.
h5 d3 48. cxd3 Nxd3+ 49. Kf1 1-0

[Event "MCR mladeze 2014, Open A"]
[Site "Kouty nad Desnou"]
[Date "2014.03.14"]
[Round "8"]
[White "Novak, Jiri"]
[Black "Bartos, Vaclav"]
[Result "1-0"]
[WhiteElo "1869"]
[BlackElo "1746"]
[PlyCount "61"]
[EventDate "2014.03.08"]

1. e4 d6 2. d4 Nf6 3. Nc3 g6 4. Be3 a6 5. f3 b5 6. a3 Bg7 7. Qd2 O-O 8. g4 Bb7
9. h4 h5 10. gxh5 Nxh5 11. Nge2 Nd7 12. O-O-O c5 13. dxc5 Nxc5 14. Bd4 Rc8 15.
Bh3 Rc7 16. Bxg7 Kxg7 17. Bg4 Nf6 18. Rdg1 a5 19. h5 Nxg4 20. Rxg4 Rh8 21. Rgg1
b4 22. hxg6 fxg6 23. Qg5 Qe8 24. Rxh8 Qxh8 25. Qxg6+ Kf8 26. Rg5 Nd7 27. Nf4
Nc5 28. Nfd5 Bxd5 29. Rf5+ Qf6 30. Rxf6+ exf6 31. Nxd5 1-0

[Event "MCR mladeze 2014, Open A"]
[Site "Kouty nad Desnou"]
[Date "2014.03.14"]
[Round "8"]
[White "Zilavy, Jan"]
[Black "Sabolova, Kristyna"]
[Result "1/2-1/2"]
[WhiteElo "1816"]
[BlackElo "1861"]
[PlyCount "84"]
[EventDate "2014.03.08"]

1. c4 Nf6 2. Nc3 e6 3. g3 d5 4. Bg2 Be7 5. d4 O-O 6. Nf3 b6 7.
cxd5 exd5 8. O-O Bb7 9. Qc2 a5 10. Bg5 Nbd7 11. Rac1 Rc8 12. e3 h6 13. Bxf6
Nxf6 14. Bh3 Rb8 15. Ne2 c5 16. Rfd1 Bc8 17. Bg2 c4 18. Ne5 Qd6 19. Nf4 Be6 20.
h4 b5 21. Nxe6 Qxe6 22. Kh2 h5 23. f3 Nd7 24. Bh3 f5 25. Nxd7 Qxd7 26. e4 Qc7
27. Bxf5 Bxh4 28. e5 Qf7 29. Bg6 Bxg3+ 30. Kxg3 Qf4+ 31. Kg2 Qg5+ 32. Kh1 Rxf3
33. Rd2 Rbf8 34. Rg1 Rg3 35. Rdg2 Qh4+ 36. Rh2 Rxg1+ 37. Kxg1 Qg3+ 38. Rg2 Qe1+
39. Kh2 Qh4+ 40. Kg1 Qe1+ 41. Kh2 Qh4+ 42. Kg1 Qe1+ 1/2-1/2

[Event "MCR mladeze 2014, Open A"]
[Site "Kouty nad Desnou"]
[Date "2014.03.14"]
[Round "8"]
[White "Sosovicka, Jakub"]
[Black "Ferkova, Dominika"]
[Result "1-0"]
[WhiteElo "1677"]
[BlackElo "1590"]
[PlyCount "97"]
[EventDate "2014.03.08"]

1. e4 c6 2. d4 d5 3. Nd2 dxe4 4. Nxe4 Bf5 5. Ng3 Bg6 6. c4 e6 7. h4 h6 8. Nf3
Nf6 9. h5 Bh7 10. Bd3 Bxd3 11. Qxd3 Bd6 12. Bd2 Nbd7 13. O-O-O Qc7 14. Ne5 Rf8
15. Kb1 O-O-O 16. Qe2 Qb6 17. f4 Be7 18. Bc3 Bb4 19. c5 Qa5 20. Nc4 Qc7 21.
Nd6+ Kb8 22. Bxb4 Ne8 23. Ngf5 Nxd6 24. Nxd6 Nf6 25. Rhf1 Ne8 26. Nc4 Rd7 27.
Qe5 Qxe5 28. fxe5 Nc7 29. Nd6 Nd5 30. Bd2 f6 31. Rf3 f5 32. g4 Ne7 33. Rdf1 Kc7
34. Be3 Nd5 35. Bg1 b6 36. cxb6+ axb6 37. gxf5 exf5 38. Rxf5 Rxf5 39. Rxf5 b5
40. Bh2 Kd8 41. e6 Ra7 42. Rf8+ Kc7 43. Nxb5+ Kb6 44. Nxa7 Kxa7 45. Rf7+ Kb6
46. e7 Nxe7 47. Rxe7 c5 48. dxc5+ Kxc5 49. Rxg7 1-0

[Event "MCR mladeze 2014, Open A"]
[Site "Kouty nad Desnou"]
[Date "2014.03.14"]
[Round "8"]
[White "Skorepa, Tomas"]
[Black "Bobek, Daniel"]
[Result "1/2-1/2"]
[WhiteElo "1783"]
[BlackElo "1707"]
[PlyCount "84"]
[EventDate "2014.03.08"]

1. e4 c6 2. d4 d5 3. Nc3 dxe4 4. Nxe4 Bf5 5. Ng3 Bg6 6. h4 h6 7. Nf3 Nd7 8. h5
Bh7 9. Bd3 Bxd3 10. Qxd3 Qc7 11. Bd2 e6 12. O-O-O Ngf6 13. Ne4 Nxe4 14. Qxe4
Nf6 15. Qe2 O-O-O 16. g3 Bd6 17. c4 Qe7 18. a3 c5 19. Bc3 cxd4 20. Nxd4 Bc5 21.
Rhe1 Rhe8 22. Kb1 Rd7 23. Rd2 Red8 24. Red1 a6 25. g4 Bb6 26. f3 Ne8 27. Ba5
Nc7 28. Qe4 Bc5 29. Bc3 Ne8 30. Nb3 Rxd2 31. Rxd2 Rxd2 32. Bxd2 Nf6 33. Qd3 Bb6
34. Bb4 Qd7 35. Kc2 Qxd3+ 36. Kxd3 g6 37. Be7 Ng8 38. Bh4 gxh5 39. gxh5 Bd8 40.
Bxd8 Kxd8 41. Nc5 Kc7 42. Ne4 b6 1/2-1/2

[Event "MCR mladeze 2014, Open A"]
[Site "Kouty nad Desnou"]
[Date "2014.03.14"]
[Round "8"]
[White "Korsa, Jiri"]
[Black "Kabelka, Ondrej"]
[Result "0-1"]
[WhiteElo "1716"]
[BlackElo "1673"]
[PlyCount "72"]
[EventDate "2014.03.08"]

1. e4 e6 2. Nc3 c5 3. d3 Nc6 4. g3 Nf6 5. Bg2 Be7 6. h3 d5 7. Bf4 d4 8. Nce2
Nd7 9. g4 O-O 10. Ng3 Nde5 11. Bd2 f5 12. Qe2 f4 13. Nh5 Ng6 14. e5 Nh4 15. Be4
Bg5 16. Nf3 Nxf3+ 17. Bxf3 g6 18. h4 Bxh4 19. Nxf4 Bg5 20. Bxc6 Bxf4 21. Be4
Qg5 22. Bxf4 Rxf4 23. f3 Bd7 24. Qh2 Rf7 25. b3 Bc6 26. Bxc6 bxc6 27. O-O Raf8
28. Qe2 Qf4 29. Kg2 h5 30. Qe4 Qxe4 31. fxe4 hxg4 32. Rxf7 Rxf7 33. Rf1 Rxf1
34. Kxf1 Kg7 35. Kg1 Kh6 36. a4 Kg5 0-1

[Event "MCR mladeze 2014, Open A"]
[Site "Kouty nad Desnou"]
[Date "2014.03.14"]
[Round "8"]
[White "Luzikova, Nicola"]
[Black "Zuziak, Petr"]
[Result "1/2-1/2"]
[WhiteElo "1695"]
[BlackElo "1726"]
[PlyCount "31"]
[EventDate "2014.03.08"]

1. d4 Nf6 2. c4 g6 3. Nc3 d5 4. cxd5 Nxd5 5. e4 Nxc3 6. bxc3 Bg7 7. Bc4 c5 8.
Be3 O-O 9. Ne2 Nc6 10. O-O Qc7 11. Rc1 Rd8 12. Qa4 Bd7 13. Qa3 Na5 14. Bd3 c4
15. Bc2 e6 16. Rfd1 1/2-1/2

[Event "MCR mladeze 2014, Open A"]
[Site "Kouty nad Desnou"]
[Date "2014.03.14"]
[Round "8"]
[White "Brozova, Renata"]
[Black "Dumkova, Daniela"]
[Result "1-0"]
[WhiteElo "1712"]
[BlackElo "1645"]
[PlyCount "95"]
[EventDate "2014.03.08"]

1. e4 c5 2. c3 d5 3. exd5 Qxd5 4. d4 Nc6 5. Nf3 Bg4 6. Be2 e6 7. O-O Nf6 8. Na3
a6 9. Nc2 cxd4 10. cxd4 Qd6 11. b3 Be7 12. Bb2 O-O 13. Ne3 Bh5 14. Nc4 Qd8 15.
Re1 Nd5 16. Nfe5 Nxe5 17. Bxh5 Nc6 18. Ne5 Nxe5 19. dxe5 Bb4 20. Re4 Bc3 21.
Bxc3 Nxc3 22. Qxd8 Raxd8 23. Ree1 Rd7 24. h3 Rfd8 25. Rec1 Nd5 26. Bf3 Kf8 27.
Kf1 Ke7 28. Bxd5 exd5 29. Ke2 Ke6 30. f4 Kf5 31. g3 Ke4 32. Kd2 Kf5 33. Kd3 h6
34. Kd4 Ke6 35. g4 g6 36. Rc5 h5 37. Rac1 hxg4 38. hxg4 f6 39. exf6 Kxf6 40.
Rc7 Ke6 41. Rxd7 Rxd7 42. Re1+ Kd6 43. Re5 Kc6 44. Re6+ Rd6 45. Rxd6+ Kxd6 46.
f5 gxf5 47. gxf5 b5 48. b4 1-0

[Event "MCR mladeze 2014, Open A"]
[Site "Kouty nad Desnou"]
[Date "2014.03.14"]
[Round "8"]
[White "Ptacek, Jan"]
[Black "Kotyk, Vaclav"]
[Result "0-1"]
[WhiteElo "1621"]
[BlackElo "1851"]
[PlyCount "62"]
[EventDate "2014.03.08"]

1. e4 c5 2. Nf3 d6 3. d4 cxd4 4. Nxd4 Nf6 5. Nc3 a6 6. Be3 e5 7. Nb3 Be6 8. Be2
Nbd7 9. O-O Be7 10. Nd5 Nxe4 11. Bf3 f5 12. Qd3 Ng5 13. Nxe7 Nxf3+ 14. gxf3
Qxe7 15. Rfd1 f4 16. Bd2 d5 17. a3 O-O 18. Kh1 Qh4 19. Rg1 Rf6 20. Rg2 Rh6 21.
Rag1 g6 22. Qc3 Rf8 23. Qc7 Rf5 24. Qd6 Nf8 25. Re1 Rfh5 26. Kg1 Rg5 27. Rxg5
Qxg5+ 28. Kf1 Rxh2 29. Ke2 Qg2 30. Kd1 Qxf3+ 31. Kc1 Qxf2 0-1

[Event "MCR mladeze 2014, Open A"]
[Site "Kouty nad Desnou"]
[Date "2014.03.14"]
[Round "8"]
[White "Miklasova, Emma"]
[Black "Zemkova, Klara"]
[Result "1/2-1/2"]
[WhiteElo "1590"]
[BlackElo "1730"]
[PlyCount "37"]
[EventDate "2014.03.08"]

1. d4 f5 2. g3 Nf6 3. Bg2 g6 4. Nf3 Bg7 5. O-O O-O 6. c4 d6 7. Nc3 Nc6 8. d5
Ne5 9. Nxe5 dxe5 10. Qb3 Rb8 11. c5 Kh8 12. Be3 b6 13. a4 Bd7 14. cxb6 cxb6 15.
Rfc1 Qe8 16. Nb5 Bxb5 17. axb5 Qd7 18. Rd1 Ng4 19. Bh3 1/2-1/2

[Event "MCR mladeze 2014, Open A"]
[Site "Kouty nad Desnou"]
[Date "2014.03.15"]
[Round "9"]
[White "Peterson, Eric"]
[Black "Kislinsky, Alexey"]
[Result "0-1"]
[WhiteElo "2237"]
[BlackElo "2500"]
[PlyCount "74"]
[EventDate "2014.??.??"]

1. e4 d6 2. d4 Nf6 3. Nc3 g6 4. f4 Bg7 5. Nf3 O-O 6. e5 dxe5 7. dxe5 Nh5 8. Be3
Bh6 9. g3 Nc6 10. Bb5 Bd7 11. Qe2 a6 12. Bc4 Bg4 13. Qf2 Qd7 14. Rd1 Qf5 15.
O-O Rad8 16. Bd5 Ng7 17. Bc5 Ne6 18. Bxc6 Nxc5 19. Rxd8 Rxd8 20. Qxc5 bxc6 21.
Nd4 Qh5 22. Ne4 Bf8 23. Nxc6 Bh3 24. Nxd8 Qe2 25. Qf2 Qxe4 26. Re1 Qd5 27. e6
Qxd8 28. exf7+ Kxf7 29. c3 e6 30. Qd4 Qa8 31. Re2 Qf3 32. Rf2 Qc6 33. b4 Bg7
34. Qc5 Qxc5 35. bxc5 Bxc3 36. Rc2 Bd4+ 37. Kh1 Bf5 0-1

[Event "MCR mladeze 2014, Open A"]
[Site "Kouty nad Desnou"]
[Date "2014.03.15"]
[Round "9"]
[White "Horak, Jiri"]
[Black "Moravec, Vit"]
[Result "1-0"]
[WhiteElo "2150"]
[BlackElo "2179"]
[PlyCount "83"]
[EventDate "2014.??.??"]

1. e4 c5 2. Nf3 Nc6 3. d4 cxd4 4. Nxd4 g6 5. Be3 Bg7 6. c4 Nf6 7. Nc3 O-O 8.
Be2 Nxd4 9. Bxd4 d6 10. O-O Bd7 11. Rc1 Bc6 12. Qd3 Nd7 13. Bxg7 Kxg7 14. b4
Nf6 15. Qd4 Qb6 16. c5 dxc5 17. bxc5 Qd8 18. Qc4 Qc7 19. f4 Rad8 20. g3 Rd2 21.
Bf3 Qd7 22. Rfd1 Rd8 23. Nd5 Rxd1+ 24. Rxd1 Qe6 25. Kg2 Bd7 26. Qd4 Qh3+ 27.
Kg1 Be6 28. Qe5 Bg4 29. Bg2 Qh5 30. Qxe7 Nxd5 31. Rxd5 Rxd5 32. exd5 Be6 33.
dxe6 Qd1+ 34. Bf1 Qd4+ 35. Kg2 Qd5+ 36. Kh3 Qh5+ 37. Qh4 Qf5+ 38. Qg4 Qb1 39.
Bc4 Qc2 40. Qe2 Qf5+ 41. Kg2 fxe6 42. Qe5+ 1-0

[Event "MCR mladeze 2014, Open A"]
[Site "Kouty nad Desnou"]
[Date "2014.03.15"]
[Round "9"]
[White "Haring, Filip"]
[Black "Hlavac, Rudolf"]
[Result "1-0"]
[WhiteElo "1791"]
[BlackElo "2000"]
[PlyCount "95"]
[EventDate "2014.??.??"]

1. e4 c5 2. Nf3 Nc6 3. d4 cxd4 4. Nxd4 Nf6 5. Nc3 e5 6. Ndb5 d6 7. Bg5 a6 8.
Na3 b5 9. Nd5 Be7 10. Bxf6 Bxf6 11. c3 Bg5 12. Nc2 Ne7 13. h4 Bh6 14. a4 bxa4
15. Ncb4 O-O 16. Qxa4 Nxd5 17. Nxd5 Rb8 18. b4 Be6 19. Bc4 Bxd5 20. Bxd5 Qc7
21. Qb3 Rb6 22. Rh3 Qe7 23. Kf1 Kh8 24. Qc4 f5 25. exf5 Rxf5 26. Rf3 g6 27.
Rxf5 gxf5 28. Rxa6 Rb8 29. Rc6 Bf8 30. Rc7 Qe8 31. Rf7 Qa4 32. Kg1 Qd1+ 33. Kh2
Qh5 34. Bf3 Qg6 35. Qc7 Re8 36. Qd7 Rb8 37. Qxf5 Qh6 38. Qf6+ Qxf6 39. Rxf6 Kg7
40. Re6 Rc8 41. b5 Rb8 42. c4 Kf7 43. Bd5 Kg7 44. h5 h6 45. Rg6+ Kh7 46. Rg8
Rd8 47. b6 Be7 48. b7 1-0

[Event "MCR mladeze 2014, Open A"]
[Site "Kouty nad Desnou"]
[Date "2014.03.15"]
[Round "9"]
[White "Vojta, Tomas"]
[Black "Hrdina, Robin"]
[Result "1-0"]
[WhiteElo "2343"]
[BlackElo "2076"]
[PlyCount "91"]
[EventDate "2014.??.??"]

1. d4 Nf6 2. Nc3 d5 3. Qd3 g6 4. Bg5 Bg7 5. O-O-O c6 6. f3 Qa5 7. Bd2 Qa6 8. e3
Qxd3 9. Bxd3 b6 10. Nge2 Ba6 11. Kb1 Bxd3 12. cxd3 Na6 13. Rc1 Rc8 14. a3 O-O
15. Rc2 Nd7 16. Rhc1 e6 17. Nb5 c5 18. Nxa7 Ra8 19. Nb5 e5 20. Nec3 exd4 21.
exd4 cxd4 22. Nxd5 Ndc5 23. Rd1 Rad8 24. Nb4 Rfe8 25. Nxa6 Nxa6 26. Bf4 Be5 27.
Bxe5 Rxe5 28. Na7 Rde8 29. Nc6 Re1 30. Rxe1 Rxe1+ 31. Ka2 Rd1 32. Nxd4 Nc5 33.
Nb3 Nxd3 34. Rd2 Rxd2 35. Nxd2 Nf4 36. g3 Nd5 37. Kb3 Kf8 38. Kc4 Nc7 39. Ne4
Ke7 40. b4 f5 41. Nc3 Ke6 42. a4 g5 43. f4 gxf4 44. gxf4 h5 45. Nb5 Nd5 46.
Nd4+ 1-0

[Event "MCR mladeze 2014, Open A"]
[Site "Kouty nad Desnou"]
[Date "2014.03.15"]
[Round "9"]
[White "Haring, Viktor"]
[Black "Havlik, Jindrich"]
[Result "1/2-1/2"]
[WhiteElo "2109"]
[BlackElo "2117"]
[PlyCount "57"]
[EventDate "2014.??.??"]

1. e4 e6 2. d4 d5 3. Nd2 Be7 4. Ngf3 Nf6 5. e5 Nfd7 6. Bd3 c5 7. c3 Nc6 8. O-O
g5 9. Nb1 g4 10. Ne1 h5 11. Nc2 Qb6 12. Be2 cxd4 13. cxd4 f6 14. exf6 Nxf6 15.
Nc3 Bd7 16. Qd3 O-O-O 17. Bf4 Rdf8 18. Nb5 Ne8 19. Be5 Nxe5 20. dxe5 Bxb5 21.
Qxb5 Rf5 22. Rac1 Qxb5 23. Bxb5 Rxe5 24. Nd4+ Kd8 25. Rfe1 Bf6 26. Nxe6+ Ke7
27. Nc7 Nxc7 28. Rxc7+ Ke6 29. Rd1 1/2-1/2

[Event "MCR mladeze 2014, Open A"]
[Site "Kouty nad Desnou"]
[Date "2014.03.15"]
[Round "9"]
[White "Melichar, Vojtech"]
[Black "Vecera, Petr"]
[Result "0-1"]
[WhiteElo "1952"]
[BlackElo "2068"]
[PlyCount "54"]
[EventDate "2014.??.??"]

1. e4 c5 2. Nc3 g6 3. Nf3 Bg7 4. d4 cxd4 5. Nxd4 Nc6 6. Be3 Nf6 7. Be2 O-O 8.
O-O d6 9. h3 Bd7 10. Qd2 Re8 11. f4 a6 12. Rad1 Qc7 13. Nf3 Rac8 14. e5 Nh5 15.
exd6 exd6 16. Nd5 Qa5 17. Qxa5 Nxa5 18. c3 Bc6 19. Kf2 Bxd5 20. Rxd5 Nc4 21.
Bxc4 Rxc4 22. Rxd6 Bh6 23. Ne5 Re4 24. Bd4 Bxf4 25. g4 Bxe5 26. Bxe5 R8xe5 27.
gxh5 Rf4+ 0-1

[Event "MCR mladeze 2014, Open A"]
[Site "Kouty nad Desnou"]
[Date "2014.03.15"]
[Round "9"]
[White "Novak, Jiri"]
[Black "Simunek, Filip"]
[Result "1/2-1/2"]
[WhiteElo "1869"]
[BlackElo "2176"]
[PlyCount "89"]
[EventDate "2014.03.08"]

1. e4 c5 2. c4 Nc6 3. Nc3 g6 4. g3 Bg7 5. Bg2 e6 6. d3 Nge7 7. Nge2 O-O 8. Be3
Nd4 9. Qd2 Nec6 10. O-O d6 11. Bh6 Bd7 12. Bxg7 Kxg7 13. Rab1 Rb8 14. Nd1 Qa5
15. Nec3 a6 16. Ne3 b5 17. b3 Ne5 18. Kh1 b4 19. Ne2 Nef3 20. Qb2 e5 21. Bxf3
Nxf3 22. Kg2 Nd4 23. f4 f5 24. Nd5 Rbe8 25. fxe5 dxe5 26. h3 Qd8 27. Qd2 h6 28.
Rbe1 a5 29. Nxd4 exd4 30. exf5 Bxf5 31. Kh2 Qd6 32. Kg2 Be6 33. Nf4 Bc8 34.
Rxe8 Rxe8 35. Qf2 Rf8 36. h4 Bg4 37. Qe1 Bd7 38. Qf2 Bc6+ 39. Kg1 Rf6 40. Re1
Bd7 41. Qe2 Kf7 42. Qe4 Bc6 43. Qe2 Kf8 44. Qe5 Qxe5 45. Rxe5 1/2-1/2

[Event "MCR mladeze 2014, Open A"]
[Site "Kouty nad Desnou"]
[Date "2014.03.15"]
[Round "9"]
[White "Vanka, Miloslav"]
[Black "Tuma, Jan"]
[Result "1-0"]
[WhiteElo "2145"]
[BlackElo "1835"]
[PlyCount "77"]
[EventDate "2014.03.08"]

1. d4 b5 2. Nf3 Bb7 3. e3 a6 4. a4 b4 5. c4 c5 6. Nbd2 e6 7. Nb3 Qc7 8. Nxc5
Bxc5 9. dxc5 Qxc5 10. Qd4 Qxd4 11. Nxd4 Nc6 12. a5 Nge7 13. b3 Rc8 14. Nf3 Nb8
15. Bd2 Nec6 16. Be2 d6 17. O-O Nd7 18. Nd4 Rb8 19. Ra4 Ke7 20. Rb1 Nc5 21.
Nxc6+ Bxc6 22. Rxb4 Be4 23. Rb2 Nd3 24. Bxd3 Bxd3 25. f3 d5 26. Rb6 Rxb6 27.
axb6 dxc4 28. bxc4 Bxc4 29. Rc2 Bd5 30. e4 Ba8 31. Rc7+ Kf6 32. b7 Bxb7 33.
Rxb7 Ra8 34. Bc3+ Kg6 35. g4 f6 36. h4 e5 37. h5+ Kh6 38. Bd2+ g5 39. Rf7 1-0

[Event "MCR mladeze 2014, Open A"]
[Site "Kouty nad Desnou"]
[Date "2014.03.15"]
[Round "9"]
[White "Walek, Petr"]
[Black "Sosovicka, Jakub"]
[Result "1-0"]
[WhiteElo "2070"]
[BlackElo "1677"]
[PlyCount "26"]
[EventDate "2014.03.08"]

1. e4 c5 2. Nf3 d6 3. d4 cxd4 4. Nxd4 Nf6 5. Nc3 a6 6. Bg5 Nbd7 7. f4 Qc7 8.
Qf3 g6 9. O-O-O Bg7 10. g4 O-O 11. Bg2 Rb8 12. Rhe1 b5 13. Nb3 e5 {
Necitelny zapis} 1-0

[Event "MCR mladeze 2014, Open A"]
[Site "Kouty nad Desnou"]
[Date "2014.03.15"]
[Round "9"]
[White "Pycha, Patrik"]
[Black "Kovarik, Matyas"]
[Result "0-1"]
[WhiteElo "1997"]
[BlackElo "1584"]
[PlyCount "71"]
[EventDate "2014.03.08"]

1. e4 e6 2. Nf3 d5 3. e5 c5 4. b4 cxb4 5. a3 bxa3 6. d4 Nc6 7.
c3 Bd7 8. Bd3 Rc8 9. Bxa3 Bxa3 10. Nxa3 a6 11. O-O Nge7 12. Ng5 Ng6 13. Qd2 O-O
14. h4 h6 15. h5 Qxg5 16. Qxg5 hxg5 17. hxg6 f5 18. exf6 gxf6 19. Rfb1 Rc7 20.
Rb6 Kg7 21. Rab1 Bc8 22. Re1 Ne7 23. c4 f5 24. g4 Rf6 25. c5 Nc6 26. Nc2 Kxg6
27. gxf5+ exf5 28. Re8 Kf7 29. Rxc8 Rxc8 30. Rxb7+ Kg6 31. Rd7 Rd8 32. Rxd8
Nxd8 33. Nb4 Re6 34. Bxa6 Re1+ 35. Kg2 Re6 36. c6 {Necitelny zapis} 0-1

[Event "MCR mladeze 2014, Open A"]
[Site "Kouty nad Desnou"]
[Date "2014.03.15"]
[Round "9"]
[White "Richterova, Natasa"]
[Black "Sabolova, Kristyna"]
[Result "1-0"]
[WhiteElo "2036"]
[BlackElo "1861"]
[PlyCount "75"]
[EventDate "2014.03.08"]

1. c4 c6 2. g3 d5 3. Bg2 Nf6 4. Nf3 g6 5. O-O Bg7 6. cxd5 cxd5 7. Qb3 Nc6 8. d4
O-O 9. Nc3 Qb6 10. Qxb6 axb6 11. Bf4 Bg4 12. e3 e6 13. h3 Bf5 14. Bc7 Nd7 15.
Rfd1 Rfc8 16. Bf4 Nb4 17. Bf1 h6 18. g4 Be4 19. Ne1 g5 20. Bd6 Bf8 21. Bg3 Bg6
22. a3 Nc2 23. Nxc2 Bxc2 24. Rdc1 Bb3 25. Nb5 Rc2 26. Rxc2 Bxc2 27. Rc1 Rc8 28.
Na7 Ra8 29. Rxc2 Rxa7 30. Rc7 Nf6 31. f3 h5 32. Be5 Bg7 33. Rc8+ Kh7 34. Bd3+
Kh6 35. Rc7 hxg4 36. hxg4 Ra8 37. Rxf7 Ne8 38. Re7 1-0

[Event "MCR mladeze 2014, Open A"]
[Site "Kouty nad Desnou"]
[Date "2014.03.15"]
[Round "9"]
[White "Vaculik, Jakub"]
[Black "Zilavy, Jan"]
[Result "0-1"]
[WhiteElo "2026"]
[BlackElo "1816"]
[PlyCount "94"]
[EventDate "2014.03.08"]

1. d4 e6 2. e4 d5 3. e5 c5 4. c3 Nc6 5. Nf3 Qb6 6. Bd3 Bd7 7. Bc2 cxd4 8. cxd4
Nb4 9. O-O Nxc2 10. Qxc2 Ne7 11. Nc3 Nf5 12. Be3 Rc8 13. g4 Nxe3 14. fxe3 Be7
15. a4 O-O 16. g5 Qd8 17. h4 b5 18. axb5 Bxb5 19. Rf2 a5 20. Rg2 Bb4 21. Nh2 a4
22. Qc1 Bxc3 23. bxc3 Qa5 24. Ra3 Ba6 25. Qa1 Rc4 26. Ng4 Rfc8 27. Rc2 Rb8 28.
Rb2 Rxb2 29. Qxb2 Qb5 30. Qxb5 Bxb5 31. Nf2 Rc8 32. Nd1 h6 33. gxh6 gxh6 34.
Kf2 Kg7 35. Kg3 Kg6 36. e4 dxe4 37. Ne3 Kh5 38. Kh3 Be2 39. d5 Bb5 40. dxe6
fxe6 41. Kg3 Rf8 42. c4 Rf3+ 43. Kg2 Bc6 44. Rc3 Kxh4 45. Ra3 Kh5 46. Rc3 Rf4
47. Nd1 e3+ 0-1

[Event "MCR mladeze 2014, Open A"]
[Site "Kouty nad Desnou"]
[Date "2014.03.15"]
[Round "9"]
[White "Malinovsky, Petr"]
[Black "Bocek, Tadeas"]
[Result "1/2-1/2"]
[WhiteElo "2008"]
[BlackElo "1811"]
[PlyCount "67"]
[EventDate "2014.03.08"]

1. d4 e6 2. c4 d5 3. Nc3 Nf6 4. cxd5 exd5 5. Bg5 Be7 6. Qc2 c6
7. e3 O-O 8. Bd3 Nbd7 9. Nge2 Re8 10. O-O Nf8 11. f3 Ng6 12. Rad1 Be6 13. h3
Qb6 14. e4 dxe4 15. fxe4 Rad8 16. Be3 Qa5 17. Nf4 Nxf4 18. Rxf4 h6 19. Rdf1 Rf8
20. Qf2 Rd7 21. Bb1 Bc4 22. Rc1 Be6 23. Qc2 g6 24. e5 Nd5 25. Nxd5 Qxd5 26. Rf2
Kg7 27. Qd2 Rh8 28. b3 Qb5 29. Bd3 Qb4 30. Qe2 Bd5 31. Rcf1 Bh4 32. Rf4 Bg5 33.
R4f2 Bh4 34. Rf4 1/2-1/2

[Event "MCR mladeze 2014, Open A"]
[Site "Kouty nad Desnou"]
[Date "2014.03.15"]
[Round "9"]
[White "Kabelka, Ondrej"]
[Black "Machalik, Marek"]
[Result "0-1"]
[WhiteElo "1673"]
[BlackElo "1949"]
[PlyCount "50"]
[EventDate "2014.03.08"]

1. d4 d5 2. c4 c6 3. Nf3 e6 4. Nc3 Nf6 5. e3 Nbd7 6. Qc2 Bd6 7. g4 h6 8. Bd2 a6
9. Rg1 dxc4 10. g5 hxg5 11. Nxg5 Qe7 12. Bxc4 b5 13. Bd3 Bb7
14. e4 e5 15. Ne2 Bb4 16. Ng3 g6 17. O-O-O Bxd2+ 18. Qxd2 O-O-O 19. Nf3 exd4
20. Nxd4 Ne5 21. Qc3 Rxh2 22. f4 Nxd3+ 23. Rxd3 g5 24. Nf3 Rxd3 25. Qxd3 Rh8 {
Necitelny zapis} 0-1

[Event "MCR mladeze 2014, Open A"]
[Site "Kouty nad Desnou"]
[Date "2014.03.15"]
[Round "9"]
[White "Liduch, Filip"]
[Black "Brozova, Renata"]
[Result "0-1"]
[WhiteElo "1901"]
[BlackElo "1712"]
[PlyCount "74"]
[EventDate "2014.03.08"]

1. e4 c6 2. d4 d5 3. f3 dxe4 4. fxe4 e5 5. Nf3 exd4 6. Bc4 f6 7. Nxd4 Ne7 8.
Be3 Ng6 9. Qh5 Qe7 10. Nd2 b5 11. Bb3 a6 12. N4f3 c5 13. Bd5 Ra7 14. O-O Nd7
15. a4 bxa4 16. Bc6 Kd8 17. Nc4 Nde5 18. Nfxe5 Nxe5 19. Nxe5 Qxe5 20. Rad1+ Bd7
21. Qxe5 fxe5 22. Rf7 Be7 23. Bxd7 Rxd7 24. Rxd7+ Kxd7 25. Bxc5 Re8 26. Rxg7
Ke6 27. Bxe7 Rxe7 28. Rxe7+ Kxe7 29. Kf2 Kd6 30. Ke3 Kc5 31. Kd3 Kb4 32. g4 a3
33. bxa3+ Kxa3 34. h4 a5 35. g5 Kb2 36. Kc4 a4 37. Kb4 a3 0-1

[Event "MCR mladeze 2014, Open A"]
[Site "Kouty nad Desnou"]
[Date "2014.03.15"]
[Round "9"]
[White "Kotyk, Vaclav"]
[Black "Bobek, Daniel"]
[Result "1-0"]
[WhiteElo "1851"]
[BlackElo "1707"]
[PlyCount "55"]
[EventDate "2014.03.08"]

1. e4 c6 2. d4 d5 3. e5 Bf5 4. h4 c5 5. g4 Bc8 6. c3 Qb6 7.
dxc5 Qxc5 8. Be3 Qc7 9. f4 e6 10. Nf3 Bc5 11. Nd4 Bxd4 12. Bxd4 Ne7 13. Na3 a6
14. Bd3 Nbc6 15. Nc2 Bd7 16. Qe2 O-O-O 17. Qf2 Rdf8 18. Bb6 Qb8 19. Bc5 Qc7 20.
Bb6 Qb8 21. Bc5 Qc7 22. Bd6 Qd8 23. Qc5 Re8 24. b4 b5 25. a4 Kb7 26. axb5 axb5
27. Bxb5 Qb6 28. Ba6+ 1-0

[Event "MCR mladeze 2014, Open A"]
[Site "Kouty nad Desnou"]
[Date "2014.03.15"]
[Round "9"]
[White "Zemkova, Klara"]
[Black "Luzikova, Nicola"]
[Result "1/2-1/2"]
[WhiteElo "1730"]
[BlackElo "1695"]
[PlyCount "29"]
[EventDate "2014.03.08"]

1. e4 d5 2. exd5 Nf6 3. d4 Nxd5 4. Nf3 Bg4 5. Be2 e6 6. c3 Be7 7. h3 Bh5 8.
Nbd2 O-O 9. Ne4 Bg6 10. Bd3 Nd7 11. Bd2 c5 12. dxc5 Nxc5 13. Nxc5 Bxc5 14. Bxg6
hxg6 15. O-O 1/2-1/2